Drawbacks fail to sully EZ trusts` tax breaks (Record no. 16462)

MARC details
000 -LEADER
fixed length control field 00600cab a2200193 4500
001 - CONTROL NUMBER
control field ABS40529
008 - FIXED-LENGTH DATA ELEMENTS--GENERAL INFORMATION
fixed length control field 090401t1989 xxu||||| |||| 00| 0 eng d
035 ## - SYSTEM CONTROL NUMBER
System control number (Sirsi) u24542
041 ## - LANGUAGE CODE
Language code of text/sound track or separate title eng
100 ## - MAIN ENTRY--PERSONAL NAME
Personal name Housden, J.
245 ## - TITLE STATEMENT
Title Drawbacks fail to sully EZ trusts` tax breaks
260 ## - PUBLICATION, DISTRIBUTION, ETC.
Date of publication, distribution, etc. 1989
350 ## - PRICE (NR) (BK AM CF MU VM SE) [OBSOLETE]
Price 0
490 ## - SERIES STATEMENT
Series statement Financial Adviser
Volume/sequential designation (93) 2 March 1989, 34-35(2)
520 ## - SUMMARY, ETC.
Summary, etc. Examines Enterprise Zone Trusts , arguing that in many respects BES s are complementary to EZ trusts and not an alternative.
690 ## - LOCAL SUBJECT ADDED ENTRY--TOPICAL TERM (OCLC, RLIN)
Topical term or geographic name as entry element PROPERTY LAW AND PRACTICE
942 ## - ADDED ENTRY ELEMENTS (KOHA)
Suppress in OPAC 0
948 ## - LOCAL PROCESSING INFORMATION (OCLC); SERIES PART DESIGNATOR (RLIN)
c (OCLC) 04/03/1997
Holdings
Withdrawn status Lost status Source of classification or shelving scheme Damaged status Not for loan Home library Current library Shelving location Date acquired Total Checkouts Full call number Barcode Date last seen Copy number Price effective from Koha item type
    Dewey Decimal Classification     London London Journal article 14/09/1999   ABS40529 24542-1001 06/08/2019 1 06/08/2019 Journal article